| 000 | 01538nam a22002775i 4500 | ||
|---|---|---|---|
| 001 | 158229 | ||
| 003 | ES-MaACL | ||
| 005 | 20240228155329.0 | ||
| 008 | 970519q1676 sp |||| | spa d | ||
| 040 |
_aCYL _bspa _cCYL |
||
| 100 | 1 |
_aLuna, Miguel de. _974761 |
|
| 245 | 1 | 0 |
_aHistoria verdadera del rey don Rodrigo _b: en la qual se trata la causa principal de la pérdida de España, y la conquista que de ella hizo Miramamolin Almançor ... y vida del Rey Jacob Almançor / _ccompuesta por ... Albulcacim Tarif ... ; nuevamente traducida de lengua arabiga por Miguel de Luna ... |
| 250 | _aSeptima impression. | ||
| 260 |
_aEn Madrid : _bpor los herederos de Gabriel de Leon, _c[1676] |
||
| 300 |
_a[12], 438, [10] p. ; _c4º. |
||
| 530 | _aDisponible en formato digital. | ||
| 594 | _aEl verdadero nombre del autor es Miguel de Luna que utilizó el seud. de Abulcacim Tarif Abentarique. | ||
| 596 | _aTasa fechada en 1676. | ||
| 597 | _aSign.: [calderón]6, A-Z8, 2A-2E8. | ||
| 600 | 1 | 4 |
_aRodrigo _cRey de los Visigodos. _9156818 |
| 651 | 7 |
_aEspaña- _xHistoria- _y0414-0711, Época visigoda _2 _9162046 |
|
| 651 | 4 |
_aAl-Andalus- _xHistoria- _y711-756, Emirato dependiente. _9155942 |
|
| 852 |
_aES-MaACL _jR-3375(1) _z- Enc. perg. _q- Contiene la primera parte de la obra ([12], 226 p.) _z- Enc. con la "Segunda parte" correspondiente a la ed. de Melchor Sánchez de 1675 |
||
| 856 |
_uhttp://digibug.ugr.es/handle/10481/13049 _zRepositorio Institucional de la Universidad de Granada |
||
| 999 |
_c158229 _d158229 |
||